The Greek anthology in five volumes
Saved in:
| Other Authors: | |
|---|---|
| Format: | Book |
| Language: | English Ancient Greek |
| Published: |
London :
Harvard University Press,
1916-1918
|
| Series: | Loeb classical library ;
; 67-68, 84-86 |
| Subjects: | |
| Tags: |
Add Tag
No Tags, Be the first to tag this record!
|
MARC
| LEADER | 00000nam a2200000 i 4500 | ||
|---|---|---|---|
| 001 | 1/18852 | ||
| 008 | 960621m19161918 eng d | ||
| 020 | |a 0-674-99074-9 (τ.1) | ||
| 020 | |a 0-674-99075-7 (τ.2) | ||
| 020 | |a 0-674-99093-5 (τ.3) | ||
| 020 | |a 0-674-99094-3 (τ.4) | ||
| 020 | |a 0-674-99095-1 (τ.5) | ||
| 035 | |l 10021059 | ||
| 040 | |a GR-MY-UA |b gre |e aacr | ||
| 041 | 0 | |a eng |a grc | |
| 082 | 0 | |a 881.008 |2 (22) | |
| 245 | 1 | 4 | |a The Greek anthology in five volumes / |c μετάφραση:W.R. Paton |
| 260 | |a London : |b Harvard University Press, |c 1916-1918 | ||
| 300 | |a 5τ. (508;517;464;422;408 σ.); |c 17 εκ. | ||
| 490 | 1 | |a Loeb classical library |v ; 67-68, 84-86 | |
| 504 | |a Περιλαμβάνει ευρετήριο | ||
| 505 | 0 | |a τ.1.Christian epigrams.--τ.2.Sepulchral epigrams.--τ.3.The declamatory epigrams .--τ.4.The hortatory and admonitory epigrams.--τ.5.Epigrams in various metres | |
| 650 | 0 | 0 | |a Greek poetry |x Translations into English. |
| 650 | 0 | 0 | |a Greek poetry, Hellenistic. |
| 700 | 1 | |a Paton, W.R. | |
| 740 | 0 | 2 | |a Christian epigrams |
| 740 | 0 | 2 | |a Sepulchral epigrams |
| 740 | 0 | 2 | |a The declamatory epigrams |
| 740 | 0 | 2 | |a The hortatory and admonitory epigrams |
| 740 | 0 | 2 | |a Epigrams in various metres |
| 830 | 0 | |a Loeb classical library ; |v ; 67-68, 84-86 | |
| 852 | |a INST |b CHIOS |e 19960621 |h 881.008 GRE |p 005200007619 |q 005200007619 |t BK |y 0 |z τ.5 | ||
| 852 | |a INST |b CHIOS |e 19960621 |h 881.008 GRE |p 005200007620 |q 005200007620 |t BK |y 0 |z τ.4 | ||
| 852 | |a INST |b CHIOS |e 19960621 |h 881.008 GRE |p 005200007621 |q 005200007621 |t BK |y 0 |z τ.3 | ||
| 852 | |a INST |b CHIOS |e 19960621 |h 881.008 GRE |p 005200007665 |q 005200007665 |t BK |y 0 |z τ.2 | ||
| 852 | |a INST |b CHIOS |e 19960621 |h 881.008 GRE |p 005200007666 |q 005200007666 |t BK |y 0 |z τ.1 | ||
| 852 | |a INST |b CHIOS |e 19960621 |h 881.008 GRE |p 005200007619 |q 005200007619 |t BK |v τ.5: |y 0 |z τ.5 | ||
| 852 | |a INST |b CHIOS |e 19960621 |h 881.008 GRE |p 005200007620 |q 005200007620 |t BK |v τ.4: |y 0 |z τ.4 | ||
| 852 | |a INST |b CHIOS |e 19960621 |h 881.008 GRE |p 005200007621 |q 005200007621 |t BK |v τ.3: |y 0 |z τ.3 | ||
| 852 | |a INST |b CHIOS |e 19960621 |h 881.008 GRE |p 005200007665 |q 005200007665 |t BK |v τ.2: |y 0 |z τ.2 | ||
| 852 | |a INST |b CHIOS |e 19960621 |h 881.008 GRE |p 005200007666 |q 005200007666 |t BK |v τ.1: |y 0 |z τ.1 | ||
| 853 | |a INST |b CHIOS |h 881.008 GRE | ||
| 909 | |a Χ |b 031889 | ||
| 909 | |a Χ |b 031974 | ||
| 909 | |a Χ |b 031755 | ||
| 909 | |a Χ |b 031791 | ||
| 909 | |a Χ |b 031757 | ||
| 922 | |a 2ΕΛΗ |b 199311 |c ΦΡΑΓΚΟΜΙΧΑΛΟΣ |d LEADER BOOKS | ||